000
00311nam a22001457a 4500
008
210521b ||||| |||| 00| 0 eng d
020
_a
1573223085
041
_a
eng
080
_a
159.9
082
_a
159.9
100
_a
48
101
_a
PSI
245
_a
A Whole new Mind
_c
Daniel H. Pink
942
_2
udc
_c
BK
999
_c
57584
_d
57584